О награждении Бекулова, Мата, Шогенова, Балкарова К., Альботова Г., Филиппенко Д.

Доступно только в Электронных читальных залах Найти на картеНа карте
RUSMARC
00005001nac2a22003373x 450
001b07a6ea1-bddd-4618-887e-9b2f652b7f42
00520221222232912.0
100##$a20221117l19311934k y0rusy50 ca
1010#$arus
102##$aRU
105##$ay z |||||
1222#$ad19311228
$ad19340325
2001#$aО награждении Бекулова, Мата, Шогенова, Балкарова К., Альботова Г., Филиппенко Д.
$j28.12.1931 - 25.03.1934
215##$a30 листов
251##$cДело
300##$aЗаголовок дела на папке: О награждении Бекулова Мата, Шогенова Хашпаго, Балкарова Кучука, Альботова Гузера, Филиппенко Дмитрия (Кабардино-Балкарская Автономная Область)
300##$aНумерация начинается с конца дела
300##$aЧасть текста машинописная и рукописная, часть - напечатана типографским способом
324##$aВ деле имеются копии отдельных документов
461#0$1001796d4672-8a00-4986-b488-6e42273792cc
$12001
$aЦЕНТРАЛЬНЫЙ ИСПОЛНИТЕЛЬНЫЙ КОМИТЕТ СССР (ЦИК СССР).
$1251
$cФонд
$1852
$gР
$j3316
462#0$100158bf05d7-460a-41ec-bd21-5c4fde193abd
$12001
$aДела Секретариата Президиума ЦИК Союза ССР. 1931 г.
$vД. 738
$1251
$cОпись
$1852
$j24
5171#$aО награждении Бекулова Мата, Шогенова Хашпаго, Балкарова Кучука, Альботова Гузера, Филиппенко Дмитрия (Кабардино-Балкарская Автономная Область)
600#1$aБекулов
$bМ.
$gМата
600#1$aШогенов
$bХ.
$gХашпаго
600#1$aБалкаров
$bК.
$gКучук
600#1$aАльботов
$bГ.
$gГузер
600#1$aФилиппенко
$bД.
$gДмитрий
60101$3RU\NLR\AUTH\880357276
$aСССР
$bЦИК
801#0$aRU
$bGA_RF
801#1$aRU
$bГлавНИВЦ
$c20221117
$2rusmarc
801#2$aRU
$bПБ им. Б.Н. Ельцина
$c20221222
$gRCR
$2rusmarc
852##$aГА РФ
$j738
937##$d181703223
$hГАРФ
035##$aRuPRLIB51069580
856##$uhttp://readingroom.main.prlib.ru/item.aspx?id_node=n181703223&mode=full
Формат отображения